000 00901nam a22002415i 4500
001 176833
003 ES-MaACL
005 20240205165156.0
008 110214s1961 sp af |||| | spa d
080 _a75 Picasso, Pablo
100 1 _aLieberman, William S.
_9145173
245 1 0 _aPablo Picasso
_b: épocas azul y rosa /
_ctexto de Willian S. Lieberman ; traducción de R. Santos Torroella.
260 _aBarcelona :
_bTimun Mas,
_c[1961?]
300 _a[1] h. , [76] p. :
_bil. , lám. col. y n. , algunas pleg. ;
_c18 cm.
490 1 _aEl libro de arte de bolsillo
500 _aEncuadernado con otros títulos.
597 _aEn el lomo: Tomos I-VI.
600 1 4 _aPicasso, Pablo,
_d1881-1973
_991794
700 0 _aSantos Torroella, Rafael.
_9103536
830 0 _aEl libro de arte de bolsillo
_9183601
852 _aES-MaACL
_jE-14305 (6)
_xOlim P-144
999 _c176833
_d176833